01197nam a2200313Ia 4500001001200000003000800012006001900020007001500039008004100054020001500095040002100110035002000131050002800151082001700179245014900196260004100345300001600386500002000402533015200422630001300574650002200587650002400609650003900633655002900672700002200701710001700723856012600740999001700866ebr10007032CaPaEBRm u cr cn|||||||||020211s2001 mau s 001 0 eng d z1928994326 aCaPaEBRcCaPaEBR a(OCoLC)7076406814aQA76.76.O63bP35 2001eb04a005.26/822100aPalm OS web application developer's guideh[electronic resource] :bdeveloping and delivering PQAs with Web clipping /cBen Combee ... [et al.]. aRockland, Mass. :bSyngress,cc2001. axxx, 512 p. aIncludes index. aElectronic reproduction.bPalo Alto, Calif. :cebrary,d2009.nAvailable via World Wide Web.nAccess may be limited to ebrary affiliated libraries.00aPalm OS. 0aMobile computing. 0aInternet searching. 0aPalmPilot (Computer)xProgramming. 7aElectronic books.2local1 aCombee, Ben.4aut2 aebrary, Inc.40uhttp://site.ebrary.com/lib/rucke/Doc?id=10007032zAn electronic book accessible through the World Wide Web; click to view c15384d15384